000 00312nam a22001457a 4500
008 210309b ||||| |||| 00| 0 eng d
020 _a9781933478036
041 _aeng
080 _a159.9
082 _2159.9
100 _a49
101 _aPSI
245 _aETHICS
_cKIM STROM - GOTTFRIEND
942 _2udc
_cBK
999 _c56071
_d56071